| 000 | 00993nam a2200229Ia 4500 | ||
|---|---|---|---|
| 001 | L100-51773 | ||
| 003 | IT-CnALBA | ||
| 008 | 170116s9999||||xx |||||||||||||| ||und|| | ||
| 040 |
_aIT-CnALBA _cIT-CnALBA |
||
| 041 | _aITALIANO | ||
| 100 | _aDOLDI MARCO | ||
| 245 | 0 | _aBIOETICA PER GIOVANI. | |
| 250 | _a1a ed. | ||
| 260 |
_aCASALE MONFERRATO (AL) _bPIEMME EDIZIONI _c2001 [1° Ed.:2001 - Ed.Ling.Originale: 2001] |
||
| 300 | _a190 p. | ||
| 500 | _aPRESENTAZIONE CARDINALE TETTAMANZI D. INTRODUZIONE DELL'AUTORE. CHIESA E PROBLEMI ETICI. TEMI DELLA BIOETICA. L'AMORE UMANO. MORALE SESSUALE. APPENDICE. | ||
| 501 | _aSocietà San Paolo EM - Piazza San Paolo, 14 - 12051 ALBA (CN) (non commercial uses only) ® Copyright 2017 | ||
| 520 | _aPRESENTAZIONE CARDINALE TETTAMANZI D. INTRODUZIONE DELL'AUTORE. CHIESA E PROBLEMI ETICI. TEMI DELLA BIOETICA. L'AMORE UMANO. MORALE SESSUALE. APPENDICE. | ||
| 650 | _aFILOSOFIA E DISCIPLINE COLLEGATE | ||
| 942 | _cBK | ||
| 957 | _71 | ||
| 999 |
_a68378 _bNO _g Copie: 1 _c310656 _d310656 |
||